Zvyšování výkonnosti ve veřejné správě nástroji strategického řízení

Meranie výkonnosti v štátnej správe. Strategické ciele, ktoré špecifikujú požadovanú výkonnosť. Metódy merania výkonnosti. Indikátory a merítka výkonnosti. Zásady efektívneho merania výkonnosti vo verejnej správe. Prvky implementácie manažmentu výkonnosti vo verejnej správe.

Uložené v:
Podrobná bibliografia
Hlavný autor: Vacík, Emil
Médium: Kapitola
Jazyk:Czech
Predmet:
Tagy: Pridať tag
Žiadne tagy, Buďte prvý, kto otaguje tento záznam!

MARC

LEADER 00000naa$a2200000$$$4500
001 0069066
005 20231107071743.3
041 0 |a cze 
044 |a CZ 
245 1 0 |a Zvyšování výkonnosti ve veřejné správě nástroji strategického řízení  |c Emil Vacík 
520 |a Meranie výkonnosti v štátnej správe. Strategické ciele, ktoré špecifikujú požadovanú výkonnosť. Metódy merania výkonnosti. Indikátory a merítka výkonnosti. Zásady efektívneho merania výkonnosti vo verejnej správe. Prvky implementácie manažmentu výkonnosti vo verejnej správe. 
610 2 0 |a správa verejná 
610 2 0 |a výkonnosť 
610 2 0 |a riadenie strategické 
610 2 0 |a ciele riadenia 
610 2 0 |a modely 
610 2 0 |a manažment 
100 1 |a Vacík, Emil